000 00504nam a2200181Ia 4500
008 090124s9999 xx 000 0 und d
082 _b126840
100 _aभोगले प्रभाकर
245 _a असूनी नाथ
250 _a0
260 _c1995
300 _a144
600 _aभोगले प्रभाकर
630 _a असूनी नाथ
700 _aभोगले प्रभाकर
730 _a असूनी नाथ
942 _cBOOK
999 _c172929
_d172929